The swiss chalet book
Salvato in:
| Autore principale: | |
|---|---|
| Natura: | Libro |
| Lingua: | inglese |
| Pubblicazione: |
Nueva York
The William T. Comstock
1913
|
| Soggetti: | |
| Tags: |
Aggiungi Tag
Nessun Tag, puoi essere il primo ad aggiungerne!!
|
MARC
| LEADER | 00000nam a2200000 a 4500 | ||
|---|---|---|---|
| 001 | UCU9524 | ||
| 003 | CL-VaPUC | ||
| 008 | 960823e19130000US |||||||||||||||||eng|d | ||
| 082 | 0 | 4 | |a 728.8 |b DAN |2 21 |
| 100 | 0 | |a Dana, William S. B |e author |9 368726 | |
| 245 | 1 | 4 | |a The swiss chalet book |
| 300 | |a 151 p | ||
| 942 | |c BK | ||
| 945 | |d 19960823 00:00:00 |a rleighto | ||
| 260 | |a Nueva York |b The William T. Comstock |c 1913 | ||
| 650 | 7 | |a CONSTRUCCIONES |2 CL-VaPUC |9 262690 | |
| 650 | 0 | |a Casas |9 348018 | |
| 650 | 0 | |a Viviendas |9 255326 | |
| 650 | 0 | |a Arquitectura |9 804558 | |
| 650 | 0 | |a Diseño arquitectónico |9 265271 | |
| 583 | |a last modification |c 19960823 00:00:00 |k Rodrigo Vera | ||
| 999 | |c 251250 |d 251248 | ||
| 952 | |0 0 |1 0 |4 0 |6 728_800000000000000_DAN_1913 |7 0 |8 P |9 270282 |a BIBARQ |b BIBARQ |d 2019-11-19 |i 3223698 |o 728.8 DAN 1913 |p 3223698 |r 2025-01-20 |w 2019-11-19 |y BK |k ARQ | ||